Cairo+20 (Registro nro. 4152)
[ vista simple ]
| 000 -LEADER | |
|---|---|
| fixed length control field | 02577 a2200265 4500 |
| 001 - CONTROL NUMBER | |
| control field | 46087 |
| 005 - DATE AND TIME OF LATEST TRANSACTION | |
| control field | 20260407155734.0 |
| 008 - FIXED-LENGTH DATA ELEMENTS--GENERAL INFORMATION | |
| fixed length control field | 260407a2014 arg spa d |
| 003 - CONTROL NUMBER IDENTIFIER | |
| control field | AR-UNSa-BCEJYS |
| 040 ## - CATALOGING SOURCE | |
| Original cataloging agency | AR-UNSa-BCEJYS |
| Language of cataloging | spa |
| Transcribing agency | AR-UNSa-BCEJYS |
| 080 ## - UNIVERSAL DECIMAL CLASSIFICATION NUMBER | |
| Universal Decimal Classification number | 314.17 |
| Common auxiliary subdivision | Factores de los fenómenos demográficos y sus efectos en el desarrollo social y económico |
| 020 ## - INTERNATIONAL STANDARD BOOK NUMBER | |
| International Standard Book Number | 978-85-62016-19-6 |
| 041 ## - LANGUAGE CODE | |
| Language code of text/sound track or separate title | spa |
| 100 1# - MAIN ENTRY--PERSONAL NAME | |
| Personal name | Diniz Alves, José Eustáquio |
| 245 10 - TITLE STATEMENT | |
| Title | Cairo+20 |
| Name of part/section of a work | perspectiva de la agenda de población y desarrollo sostenible después de 2014 |
| 264 #1 - PRODUCTION, PUBLICATION, DISTRIBUTION, MANUFACTURE, AND COPYRIGHT NOTICE | |
| Place of production, publication, distribution, manufacture | Río de Janeiro : |
| Name of producer, publisher, distributor, manufacturer | ALAP(Asociación latinoamericana de Población) |
| Date of production, publication, distribution, manufacture, or copyright notice | 2014 |
| 300 ## - PHYSICAL DESCRIPTION | |
| Extent | 302 p. |
| Dimensions | 22 cm. |
| 505 ## - FORMATTED CONTENTS NOTE | |
| Formatted contents note | 1. As posições da OMS nas conferências de populaçâo da ONU nos últimos 50 años / Elza Berquó – 2. Legados do Cairo: para além da “mesmice”? / Sonia Corrêa – 3. Logros y retos de la agenda de población y desarrollo en América Latina y el Caribe dos décadas después de El Cairo / Juan José Calvo – 4. Populçâo e desenvolvimiento / Ricardo Paes de Barros, Diana Coutinho e Rosane Mendonça – 5. As políticas de desenvolvimiento socialo e combate á fome e seus efeitos sociodemográficos no Brasil: experiências para fortalecimiento da agenda da CIPD / Paulo de Martino Jannuzzi – 6. Reflexiones en torno a una agenda de población y desarrollo más allá de 2014: principios inalterados, realidades novedosas / Rogelio Fernández Castilla – 7. A dinâmica populacional e a agenda de população e desenvolvimento sustentável / Suzana Cavenaghi – 8. Mortalidade juvenil na América Latina : evidências demográficas e desafios políticos / Joice Melo Vieira e Tirza Aidar – 9. El auge de la cohabitación y otras transformaciones familiares en América Latina, 1970-2010 / Antonio López-Gay y Albert Esteve – 10. Las desigualdades socioeconómicas de la desnutrición infantil crónica en América Latina y el Caribe / Víctor Arocena Canazas – 11. De vuelta al futuro : la dinámica demográfica prevista en El Cairo para 2014 / Laura L. Rodriguez Wong, Juliana Vasconcelos S. Barros y Gabriela M. O. Bonifacio – 12. Diferenciais no acesso e uso de métodos contraceptivos modernos : Colômbia, Perú e Honduras / André Junqueira Caetano. |
| 590 ## - LOCAL NOTE (RLIN) | |
| Local note | niveau_biblio:m niveau_hierar:0 |
| 700 1# - ADDED ENTRY--PERSONAL NAME | |
| Personal name | Rodríguez Wong, Laura |
| 700 1# - ADDED ENTRY--PERSONAL NAME | |
| Personal name | Rodríguez Vignoli, Jorge |
| 700 1# - ADDED ENTRY--PERSONAL NAME | |
| Personal name | Maldonado Turra, Cássio |
| 856 41 - ELECTRONIC LOCATION AND ACCESS | |
| Uniform Resource Identifier | <a href="https://www.biblioeco.unsa.edu.ar/pmb/images/libros/L127324.jpg">https://www.biblioeco.unsa.edu.ar/pmb/images/libros/L127324.jpg</a> |
| Link text | Imagen de portada |
| Electronic format type | image/jpeg |
| 942 ## - ADDED ENTRY ELEMENTS (KOHA) | |
| Koha item type | |
| Withdrawn status | Lost status | Damaged status | Not for loan | Home library | Current library | Shelving location | Date acquired | Total checkouts | Full call number | Barcode | Date last seen | Price effective from | Koha item type |
|---|---|---|---|---|---|---|---|---|---|---|---|---|---|
| Biblioteca Prof. Eusebio Cleto del Rey | Biblioteca Prof. Eusebio Cleto del Rey | 07/04/2026 | 314.17 C136 | L127324 | 07/04/2026 | 07/04/2026 | Libro |